Statistics for Flags of Europe

Click here to take the quiz!

General Stats

  • This quiz has been taken 108 times
    (80 since last reset)
  • The average score is 12 of 15

Answer Stats

Answer% Correct
Germany
93%
Poland
93%
Russia
91%
Serbia
90%
Greece
87%
Italy
87%
Kazakhstan
84%
Cyprus
80%
Great Britain
78%
Sweden
78%
Belarus
75%
Bosnia and Herzegovina
75%
Ireland
75%
Scotland
72%
Wales
72%

Score Distribution

Percentile by Number Answered

Percent of People with Each Score

Your Score History

You have not taken this quiz since the last reset